000 00270nam a22001337a 4500
020 _a0863133509
082 _a001
_bNOR/S
100 _aNORMAN, C J
245 _aSUBMARINES
260 _aLONDON
_bFRANKLIN WATTS LTD
300 _a32
650 _aGK
_zLONDON
942 _cBK
999 _c6237
_d6237